000 00896nam a2200301 a 4500
999 _c8063
_d8063
001 8063
003 BD-JhCC
005 20180218094241.0
008 960215s1996 mauab b 001 0 eng
020 _a0395753775 (student text)
020 _a0395765889 (examination copy)
035 _a(BD-JhCC)8063
040 _aDLC
_cDLC
_dBD-JhCC
041 _aeng
050 0 0 _aCB69
_b.M3 1996b
082 0 0 _a909
_220
_bMCK 1996
100 1 _aMcKay, John P.
245 1 2 _aA history of world societies /
_cJohn P. McKay, Bennett D. Hill, John Buckler.
250 _a4th ed.
260 _aBoston :
_bHoughton Mifflin,
_cc1996.
300 _axxxii, 1231, 64 p. :
_bill. (some col.), maps ;
_c27 cm.
504 _aIncludes bibliographical references and index.
650 0 _aCivilization
_xHistory.
700 1 _aHill, Bennett D.
700 1 _aBuckler, John.
942 _2ddc
_cBK